| 000 | 00344nam a2200133Ia 4500 | ||
|---|---|---|---|
| 008 | 240624s9999 xx 000 0 und d | ||
| 041 | _aeng | ||
| 082 | _a658.827 KOM | ||
| 100 | _aKOMPELLA KARTIKEYA | ||
| 245 | _aDEFINITIVE BOOK OF BRANDING | ||
| 260 |
_c2014 _aNew Delhi _bSage India |
||
| 300 | _axx, : 408 : p. : cm. ; 23 | ||
| 365 |
_cRS _b40 |
||
| 999 |
_c23527 _d23527 |
||